| 000 | 00435cam a2200181ua 4500 | ||
|---|---|---|---|
| 020 |
_a81-224-0314-X _c450.00 |
||
| 041 |
_aeng _h |
||
| 082 |
_a531.34 _bRAO/RO |
||
| 100 | _aRao, J S . | ||
| 245 |
_aRotor dynamics / _cJ S Rao. _hTextual Documents |
||
| 250 |
_a2 / _b. |
||
| 260 |
_aNew Delhi : _bWiley Eastern Ltd , _c1991. |
||
| 300 | _a302 ; . | ||
| 365 | _a450.00 | ||
| 504 | _a | ||
| 942 | _cBK | ||
| 999 |
_c7472 _d7472 |
||